[Event "WA Open Blitz Championship"]
[Site "Chess.com"]
[Date "2020.05.25"]
[Round "?"]
[White "Vemparala, Nikash"]
[Black "Moore, Michael"]
[Result "0-1"]
[WhiteElo "1684"]
[BlackElo "1950"]
[PlyCount "142"]
[EventDate "2020.??.??"]
[EventType "blitz"]

1. e4 c5 2. Nc3 d6 3. g3 g6 4. Bg2 Bg7 5. d3 Nc6 6. Be3 Rb8 7. f4 Nf6 8. h3 Nd7
9. Nf3 Nd4 10. O-O b5 11. a3 O-O 12. g4 a5 13. f5 b4 14. axb4 axb4 15. Na4 b3
16. Bxd4 bxc2 17. Qxc2 cxd4 18. g5 Nc5 19. Nxc5 dxc5 20. Qxc5 Rxb2 21. Nh4 Bd7
22. e5 Rb5 23. Qc2 Rxe5 24. fxg6 hxg6 25. Qb3 Be6 26. Qd1 Rxg5 27. Qf3 Bd5 28.
Qf2 Bf6 29. Kh2 Qd6+ 30. Kh1 Bxg2+ 31. Nxg2 Rg3 32. Nf4 Be5 33. Qxg3 Bxf4 34.
Qxf4 Qd7 35. Qh6 Rb8 36. Rf4 Qd5+ 37. Kg1 Qe5 38. Rf3 Rc8 39. Qf4 Qe6 40. Raf1
f6 41. Qxd4 Kg7 42. Qh4 Rh8 43. Qg3 Qb6+ 44. Qf2 Qb4 45. Qg2 Qd4+ 46. Kh1 Rh5
47. Rg3 g5 48. Rg1 Kf7 49. Qa2+ Kg6 50. Qc2 e5 51. Rg4 Qd5+ 52. Qg2 Qxd3 53.
Qe4+ Qxe4+ 54. Rxe4 Rxh3+ 55. Kg2 Rb3 56. Rge1 Kf5 57. R4e2 g4 58. Rf2+ Kg5 59.
Kg1 g3 60. Rg2 Kf4 61. Rf1+ Kg5 62. Kh1 f5 63. Re1 e4 64. Ree2 Kg4 65. Re1 Kf4
66. Rf1+ Kg4 67. Re1 Rd3 68. Kg1 Rd4 69. Re3 f4 70. Ra3 f3 71. Rb2 Rd1# 0-1

[Event "WA Open Blitz Championship"]
[Site "Chess.com"]
[Date "2020.05.25"]
[Round "?"]
[White "Seshadri, Sridhar"]
[Black "Lenderman, Aleksandr"]
[Result "0-1"]
[WhiteElo "1626"]
[BlackElo "2717"]
[PlyCount "86"]
[EventDate "2020.??.??"]
[EventType "blitz"]

1. a3 Nf6 2. b3 d5 3. Bb2 c5 4. d3 Nc6 5. e3 e5 6. g3 Bd6 7. Bg2 O-O 8. h3 Re8
9. Ne2 Be6 10. Nd2 Qd7 11. c4 Rad8 12. Nf3 Bc7 13. Ng5 dxc4 14. Nxe6 Qxe6 15.
bxc4 e4 16. O-O exd3 17. Nf4 Bxf4 18. Bxf6 Qxf6 19. exf4 Nd4 20. Qg4 d2 21.
Rad1 Ne2+ 22. Kh2 Nc3 23. Ra1 g6 24. Bf3 h5 25. Qh4 Qxh4 26. gxh4 Rd4 27. Bxb7
d1=Q 28. Raxd1 Rxd1 29. Rxd1 Nxd1 30. Bc6 Re2 31. Kg3 Rxf2 32. Bd5 Rd2 33. a4
Ne3 34. Kf3 Nxd5 35. cxd5 c4 36. Ke3 c3 37. a5 Rxd5 38. Ke4 Rd8 39. f5 c2 40.
fxg6 c1=Q 41. gxf7+ Kxf7 42. Kf5 Qc5+ 43. Kf4 Rd4+ 0-1

[Event "WA Open Blitz Championship"]
[Site "Chess.com"]
[Date "2020.05.25"]
[Round "?"]
[White "Velea, Stephanie"]
[Black "Seshadri, Sridhar"]
[Result "1-0"]
[WhiteElo "1700"]
[BlackElo "1626"]
[PlyCount "109"]
[EventDate "2020.??.??"]
[EventType "blitz"]

1. e4 c5 2. Nf3 Nc6 3. Bb5 Nf6 4. e5 Nd5 5. O-O e6 6. Nc3 Nxc3 7. dxc3 d5 8.
exd6 Qxd6 9. Be3 Qxd1 10. Raxd1 Be7 11. Rd2 O-O 12. Rfd1 a6 13. Bxc6 bxc6 14.
Ne5 c4 15. Nxc6 Bf6 16. Bd4 Bg5 17. Be3 Bf6 18. Bc5 Re8 19. Be7 Bb7 20. Bxf6
Bxc6 21. Bh4 Bd5 22. f3 a5 23. b3 cxb3 24. cxb3 Rac8 25. c4 Bc6 26. Rd8 h6 27.
Rxc8 Rxc8 28. Rd8+ Rxd8 29. Bxd8 Kf8 30. Bxa5 Ke7 31. b4 Kd6 32. b5 Bb7 33.
Bb4+ Ke5 34. c5 g6 35. a4 Kd5 36. c6 Ba8 37. c7 Bb7 38. a5 Kc4 39. a6 Bc8 40.
a7 Kxb4 41. a8=Q Bd7 42. c8=Q Bxc8 43. Qxc8 Kxb5 44. Kf2 Kb4 45. Qc6 h5 46. Ke3
g5 47. Kd4 e5+ 48. Kxe5 Kb3 49. Qc5 Kb2 50. Qc4 Ka3 51. Qb5 Ka2 52. Qb4 Ka1 53.
Kd4 Ka2 54. Kc3 Ka1 55. Qb2# 1-0

[Event "WA Open Blitz Championship"]
[Site "Chess.com"]
[Date "2020.05.25"]
[Round "?"]
[White "Vemparala, Nikash"]
[Black "Seshadri, Sridhar"]
[Result "1-0"]
[WhiteElo "1684"]
[BlackElo "1626"]
[PlyCount "105"]
[EventDate "2020.??.??"]
[EventType "blitz"]

1. e4 c6 2. d4 d5 3. exd5 cxd5 4. Nf3 Nf6 5. c4 Bf5 6. Nc3 e6 7. Bg5 Be7 8. Be2
O-O 9. O-O Nc6 10. Rc1 Ne4 11. Bxe7 Nxe7 12. Nxe4 Bxe4 13. Qb3 b6 14. c5 Rc8
15. cxb6 Qxb6 16. Qxb6 axb6 17. Ne5 Nf5 18. Nd7 Rxc1 19. Rxc1 Nxd4 20. Bf1 Rd8
21. Nxb6 h6 22. Rc8 Rxc8 23. Nxc8 Nc6 24. Bb5 d4 25. Bxc6 Bxc6 26. Ne7+ Kf8 27.
Nxc6 d3 28. Kf1 f6 29. Ke1 e5 30. Kd2 e4 31. a4 Ke8 32. a5 Kd7 33. Nb4 Kc7 34.
Nd5+ Kb7 35. Nc3 Ka6 36. Nxe4 Kxa5 37. Kxd3 Kb4 38. Kc2 f5 39. Nd6 g6 40. Nf7
h5 41. f4 Kc4 42. Ne5+ Kd4 43. Nxg6 Ke4 44. b4 Kd4 45. Kb3 Kd5 46. Ka4 Kc6 47.
Ka5 Kb7 48. b5 Ka7 49. Ne7 Kb7 50. Nxf5 Ka7 51. Ng7 Kb7 52. f5 Ka7 53. f6 1-0

[Event "WA Open Blitz Championship"]
[Site "Chess.com"]
[Date "2020.05.25"]
[Round "?"]
[White "Seshadri, Sridhar"]
[Black "Bell, Harry"]
[Result "0-1"]
[WhiteElo "1626"]
[BlackElo "2000"]
[PlyCount "96"]
[EventDate "2020.??.??"]
[EventType "blitz"]

1. c4 e5 2. Nc3 Nc6 3. e4 Bc5 4. Nf3 d6 5. Be2 f5 6. d3 Nf6 7. Bg5 O-O 8. Be3
Bxe3 9. fxe3 fxe4 10. Nxe4 Bf5 11. Nxf6+ Rxf6 12. e4 Be6 13. O-O Qd7 14. Ng5
Raf8 15. Rxf6 Rxf6 16. Nxe6 Qxe6 17. h3 Nd4 18. Bg4 Qf7 19. Qa4 a6 20. Qa5 h5
21. Bc8 Ne2+ 22. Kh2 Rf2 23. Qd5 Nf4 24. Qxf7+ Kxf7 25. Rg1 b6 26. Bxa6 Nxd3
27. Bb5 Rxb2 28. a4 Nc5 29. Rf1+ Ke7 30. Rf5 g6 31. Rg5 Kf6 32. Rg3 Nxe4 33.
Rf3+ Ke7 34. Bc6 Nf6 35. Bb5 Rc2 36. Kg3 g5 37. h4 gxh4+ 38. Kxh4 Rxg2 39. Rf5
Ke6 40. Rg5 Rxg5 41. Kxg5 e4 42. Bc6 Ke5 43. Kh4 Kf4 44. Kh3 e3 45. Kg2 h4 46.
Kf1 h3 47. Ke2 Ne4 48. Bxe4 Kxe4 0-1

[Event "WA Open Blitz Championship"]
[Site "Chess.com"]
[Date "2020.05.25"]
[Round "?"]
[White "Lugovskoy, Maxim"]
[Black "Stein, Daniel"]
[Result "1-0"]
[WhiteElo "2453"]
[BlackElo "1555"]
[PlyCount "45"]
[EventDate "2020.??.??"]
[EventType "blitz"]

1. d4 Nf6 2. Nc3 d5 3. Bf4 a6 4. e3 Bf5 5. f3 c6 6. g4 Bg6 7. h4 h5 8. g5 Nfd7
9. Bd3 Bxd3 10. Qxd3 Qb6 11. O-O-O e6 12. g6 f6 13. e4 Bb4 14. Nge2 e5 15. dxe5
fxe5 16. Bg5 Nf6 17. Bxf6 gxf6 18. exd5 Bxc3 19. Nxc3 cxd5 20. Nxd5 Qa5 21. g7
Rg8 22. Qg6+ Kd7 23. Nxf6+ 1-0

[Event "WA Open Blitz Championship"]
[Site "Chess.com"]
[Date "2020.05.25"]
[Round "?"]
[White "Stein, Daniel"]
[Black "Razmov, Valentin"]
[Result "0-1"]
[WhiteElo "1555"]
[BlackElo "1986"]
[PlyCount "90"]
[EventDate "2020.??.??"]
[EventType "blitz"]

1. e4 d5 2. exd5 Qxd5 3. Nc3 Qa5 4. d4 c6 5. Bc4 Nf6 6. Nf3 Bf5 7. Bd2 Qc7 8.
Be3 Nbd7 9. Qd2 e6 10. O-O-O Bd6 11. h3 h6 12. g4 Bh7 13. Nh4 Ne4 14. Nxe4 Bxe4
15. Rhg1 g5 16. Ng2 Bf3 17. Be2 Bd5 18. c4 Be4 19. Bd3 Bf3 20. Be2 Be4 21. Bd3
Bf3 22. Be2 Bxe2 23. Qxe2 O-O-O 24. Kb1 f5 25. d5 f4 26. Bxa7 e5 27. dxc6 bxc6
28. c5 Nxc5 29. Bxc5 Bxc5 30. Qa6+ Qb7 31. Qc4 Bd4 32. b3 Bxf2 33. Rgf1 Bd4 34.
h4 Qb5 35. Qe6+ Kc7 36. Qf7+ Rd7 37. Qf6 Qe2 38. Rxd4 Qxf1+ 39. Kb2 Qxg2+ 40.
Ka3 exd4 41. Qxh8 Qd5 42. Qf6 Qa5+ 43. Kb2 d3 44. Qc3 Qxc3+ 45. Kxc3 d2 0-1

[Event "WA Open Blitz Championship"]
[Site "Chess.com"]
[Date "2020.05.25"]
[Round "?"]
[White "Stein, Daniel"]
[Black "Moore, Michael"]
[Result "0-1"]
[WhiteElo "1555"]
[BlackElo "1950"]
[PlyCount "90"]
[EventDate "2020.??.??"]
[EventType "blitz"]

1. e4 c5 2. Nf3 d6 3. d4 cxd4 4. Nxd4 Nf6 5. Nc3 a6 6. Be3 e5 7. Nb3 Be6 8. f3
h5 9. Be2 Nbd7 10. Nd5 Bxd5 11. exd5 g6 12. Qd2 Bg7 13. O-O b6 14. f4 a5 15.
fxe5 Nxe5 16. Bg5 O-O 17. Nd4 Re8 18. c4 Ne4 19. Bxd8 Nxd2 20. Rfd1 Nexc4 21.
Bxb6 Bxd4+ 22. Bxd4 Rxe2 23. b3 Na3 24. Bc3 Ne4 25. Bd4 Nc2 26. Rac1 Nxd4 27.
Rxd4 Nf6 28. Rc6 Ng4 29. Rc1 Rae8 30. Rdd1 Rxa2 31. Re1 Ree2 32. Rxe2 Rxe2 33.
h3 Ne3 34. Rc3 Nxd5 35. Rc8+ Kg7 36. Rd8 Rb2 37. Rxd6 Nf4 38. Ra6 Rxb3 39. Rxa5
Rb2 40. Ra4 Nxg2 41. Kh1 Ne3 42. Ra3 Nf5 43. Rd3 h4 44. Rc3 Ng3+ 45. Kg1 Ne2+
0-1

[Event "WA Open Blitz Championship"]
[Site "Chess.com"]
[Date "2020.05.25"]
[Round "?"]
[White "Stein, Daniel"]
[Black "Vemparala, Nikash"]
[Result "0-1"]
[WhiteElo "1555"]
[BlackElo "1684"]
[PlyCount "57"]
[EventDate "2020.??.??"]
[EventType "blitz"]

1. e4 e5 2. Nf3 Nc6 3. Bb5 Nf6 4. O-O Nxe4 5. Re1 Nd6 6. Nxe5 Nxe5 7. Rxe5+ Be7
8. Bf1 O-O 9. d4 Bf6 10. Re1 b5 11. c3 Bb7 12. Bf4 Nc4 13. b3 Nb6 14. Bxb5 Bg5
15. Bxg5 Qxg5 16. Bf1 Rac8 17. Nd2 c5 18. dxc5 Rxc5 19. c4 Rf5 20. Ne4 Qh4 21.
g3 Qe7 22. Nd6 Re5 23. Rxe5 Qxe5 24. Nxb7 d5 25. cxd5 Nxd5 26. Bg2 Nc3 27. Qd6
Ne2+ 28. Kh1 Qxa1+ 29. Bf1 0-1

[Event "WA Open Blitz Championship"]
[Site "Chess.com"]
[Date "2020.05.25"]
[Round "?"]
[White "Shapiro, Michael"]
[Black "Raptis, Nick"]
[Result "0-1"]
[WhiteElo "1502"]
[BlackElo "2393"]
[PlyCount "102"]
[EventDate "2020.??.??"]
[EventType "blitz"]

1. c4 Nf6 2. Nf3 g6 3. g3 d6 4. Bg2 Bg7 5. O-O O-O 6. Nc3 Nc6 7. d4 Bf5 8. Bd2
Ne4 9. Nxe4 Bxe4 10. Bc3 a5 11. d5 Bxc3 12. bxc3 Bxf3 13. Bxf3 Ne5 14. Bg2 Nxc4
15. h4 h5 16. Qc1 Kg7 17. f4 Nb6 18. f5 Nd7 19. Qg5 Nf6 20. Rab1 Rb8 21. Bf3 c6
22. e4 cxd5 23. exd5 Qc7 24. Rbc1 Qc4 25. Rf2 Qd3 26. Kg2 Qxf5 27. Qe3 Qe5 28.
Qd3 e6 29. Qd2 Nxd5 30. Re1 Qxc3 31. Qg5 Nf6 32. Bxh5 Nxh5 33. Rd1 d5 34. Rdf1
Qxg3+ 35. Qxg3 Nxg3 36. Kxg3 Rbc8 37. Rb2 Rc7 38. Rfb1 Rd8 39. Rxb7 Rxb7 40.
Rxb7 d4 41. Kf2 Rd5 42. Ra7 Rh5 43. Ke2 Rxh4 44. Rxa5 Kf6 45. Kd3 e5 46. a4
Rh3+ 47. Ke2 e4 48. Ra6+ Ke5 49. Ra5+ Kf4 50. Ra7 Rh2+ 51. Kd1 f5 0-1

[Event "WA Open Blitz Championship"]
[Site "Chess.com"]
[Date "2020.05.25"]
[Round "?"]
[White "Shapiro, Michael"]
[Black "Ackerman, Ryan"]
[Result "0-1"]
[WhiteElo "1502"]
[BlackElo "1922"]
[PlyCount "76"]
[EventDate "2020.??.??"]
[EventType "blitz"]

1. c4 e5 2. Nc3 Bb4 3. g3 Bxc3 4. bxc3 d6 5. Bg2 Ne7 6. d3 Nbc6 7. Nf3 O-O 8.
O-O b6 9. d4 Ba6 10. Qa4 Qc8 11. dxe5 Na5 12. exd6 cxd6 13. Nd2 Rb8 14. Ba3 Rd8
15. Rfd1 Nxc4 16. Nxc4 Qxc4 17. Qxc4 Bxc4 18. Bxd6 Ng6 19. Bxb8 Rxb8 20. Rd7 a6
21. Ra7 Bxe2 22. Ra8 Rxa8 23. Bxa8 Kf8 24. Re1 Bc4 25. Bc6 Ne7 26. Be4 Bxa2 27.
Bd3 a5 28. Ra1 Bb3 29. Rb1 a4 30. Be2 Nd5 31. Ra1 Nxc3 32. Bf3 b5 33. Bc6 b4
34. Re1 Be6 35. f4 g6 36. Ra1 a3 37. Bf3 a2 38. Bc6 b3 0-1

[Event "WA Open Blitz Championship"]
[Site "Chess.com"]
[Date "2020.05.25"]
[Round "?"]
[White "Vijayakumar, Advaith"]
[Black "Shapiro, Michael"]
[Result "1/2-1/2"]
[WhiteElo "2026"]
[BlackElo "1502"]
[PlyCount "153"]
[EventDate "2020.??.??"]
[EventType "blitz"]

1. Nf3 Nf6 2. g3 g6 3. Bg2 Bg7 4. O-O O-O 5. b3 Nc6 6. Bb2 d5 7. d4 e6 8. Nbd2
Re8 9. Re1 b6 10. e4 dxe4 11. Nxe4 Bb7 12. Qe2 Rb8 13. Rad1 Qc8 14. Nxf6+ Bxf6
15. c4 Bg7 16. Qc2 Ne7 17. Ne5 Bxg2 18. Kxg2 Qb7+ 19. Kg1 Rbd8 20. Qe2 Nf5 21.
Qg4 Nh6 22. Qe2 Nf5 23. h3 h5 24. Kh2 Rf8 25. h4 Nh6 26. Kg1 Nf5 27. Rd2 Rfe8
28. Red1 a6 29. a4 a5 30. Qf3 Qc8 31. d5 exd5 32. Rxd5 Rxd5 33. Rxd5 c6 34.
Nxc6 Qxc6 35. Bxg7 Nxg7 36. Qd3 Re1+ 37. Kh2 Qf6 38. Qd2 Re8 39. Kg2 Qc6 40.
Kg1 Qe6 41. Kh2 Qe2 42. Qxe2 Rxe2 43. Kg2 Rb2 44. Rb5 Rc2 45. Rxb6 Rb2 46. Rb5
Ne6 47. c5 Nd4 48. Rxa5 Rxb3 49. Ra8+ Kg7 50. a5 Rb5 51. a6 Ra5 52. Rd8 Nc6 53.
Ra8 Nb4 54. a7 Nc6 55. Rc8 Nxa7 56. Ra8 Rxc5 57. Rxa7 Rf5 58. Ra6 Rd5 59. Kf1
Rd7 60. Ke2 Re7+ 61. Kf3 Kf8 62. Kf4 Kg7 63. Kg5 Re2 64. f3 Re3 65. Kf4 Re7 66.
Rb6 Rd7 67. Ke3 Re7+ 68. Kf2 Ra7 69. g4 hxg4 70. fxg4 Ra2+ 71. Kg3 Ra3+ 72. Kf4
Ra4+ 73. Kf3 Ra3+ 74. Ke2 Ra4 75. Kf3 Ra3+ 76. Kf4 Ra4+ 77. Kf3 1/2-1/2

[Event "WA Open Blitz Championship"]
[Site "Chess.com"]
[Date "2020.05.25"]
[Round "?"]
[White "Shapiro, Michael"]
[Black "Velea, Stephanie"]
[Result "1-0"]
[WhiteElo "1502"]
[BlackElo "1700"]
[PlyCount "57"]
[EventDate "2020.??.??"]
[EventType "blitz"]

1. c4 e6 2. Nf3 d5 3. cxd5 exd5 4. g3 Nf6 5. Bg2 c6 6. O-O Bf5 7. Nc3 Bd6 8. d3
O-O 9. a3 Nbd7 10. b4 h6 11. Bb2 a5 12. b5 Nc5 13. Rb1 a4 14. bxc6 bxc6 15. d4
Nb3 16. e4 Bxe4 17. Nxe4 Nxe4 18. Qc2 Qd7 19. Rfe1 Rfe8 20. h3 Rab8 21. Rf1 Rb6
22. Ne1 Ned2 23. Nd3 Nxf1 24. Rxf1 Qe7 25. Nc5 Bxc5 26. dxc5 Qxc5 27. Qd3 Qb5
28. Qc3 Rbb8 29. Qxg7# 1-0

[Event "WA Open Blitz Championship"]
[Site "Chess.com"]
[Date "2020.05.25"]
[Round "?"]
[White "Vega, Isaac"]
[Black "Shapiro, Michael"]
[Result "1-0"]
[WhiteElo "1972"]
[BlackElo "1502"]
[PlyCount "99"]
[EventDate "2020.??.??"]
[EventType "blitz"]

1. e4 e5 2. Nf3 Nc6 3. Bb5 a6 4. Ba4 d6 5. c3 Nf6 6. d4 exd4 7. cxd4 b5 8. Bb3
Be7 9. O-O O-O 10. Qd3 Bb7 11. Nc3 Nb4 12. Qb1 c5 13. a3 cxd4 14. Nxd4 Nc6 15.
Nf5 Na5 16. Ba2 Re8 17. Bg5 Nc6 18. Qd3 Ne5 19. Qe2 h6 20. Nxe7+ Qxe7 21. Bh4
Ng6 22. Bxf6 Qxf6 23. f3 Rad8 24. Rad1 Nf4 25. Qf2 Ng6 26. Nd5 Bxd5 27. Rxd5
Re5 28. Rfd1 Rxd5 29. Rxd5 Nf4 30. Rf5 Nd3 31. Qg3 Qxb2 32. Bxf7+ Kh8 33. h4
Qc1+ 34. Kh2 Ne5 35. Bd5 Qf1 36. Qf4 Qb1 37. Rf8+ Rxf8 38. Qxf8+ Kh7 39. Qf5+
Kh8 40. Qf8+ Kh7 41. Bg8+ Kh8 42. Be6+ Kh7 43. Bf5+ g6 44. Qe7+ Kh8 45. Qf6+
Kg8 46. Be6+ Kh7 47. h5 Nxf3+ 48. gxf3 Qf1 49. Qxg6+ Kh8 50. Qxh6# 1-0

[Event "WA Open Blitz Championship"]
[Site "Chess.com"]
[Date "2020.05.25"]
[Round "?"]
[White "Bell, Harry"]
[Black "Shapiro, Michael"]
[Result "0-1"]
[WhiteElo "2000"]
[BlackElo "1502"]
[PlyCount "48"]
[EventDate "2020.??.??"]
[EventType "blitz"]

1. Nf3 Nf6 2. d4 d5 3. Bf4 c6 4. e3 Bf5 5. c4 Nbd7 6. Nc3 dxc4 7. Bxc4 e6 8.
O-O Be7 9. h3 O-O 10. a4 Nb6 11. Bb3 Ne4 12. Re1 Bd6 13. Ne5 Nd5 14. Nxe4 Bxe4
15. f3 Nxf4 16. fxe4 Bxe5 17. dxe5 Ng6 18. Qd6 Qb6 19. Ra3 Rad8 20. a5 Qb5 21.
Qc7 Qxe5 22. Qxb7 Qxe4 23. Qxa7 Nf4 24. Bd1 Qxg2# 0-1

[Event "WA Open Blitz Championship"]
[Site "Chess.com"]
[Date "2020.05.25"]
[Round "?"]
[White "Sohal, Tanraj"]
[Black "Rodriguez, Odysseus"]
[Result "1-0"]
[WhiteElo "2326"]
[BlackElo "1499"]
[PlyCount "59"]
[EventDate "2020.??.??"]
[EventType "blitz"]

1. d4 d5 2. c4 c6 3. cxd5 cxd5 4. Nc3 Nf6 5. Bf4 Nc6 6. e3 a6 7. Bd3 e6 8. Rc1
Nh5 9. Qxh5 g6 10. Qd1 Bg7 11. Nf3 Bd7 12. O-O Rc8 13. Na4 b5 14. Nc5 Qb6 15.
Nxd7 Kxd7 16. Qd2 f6 17. Bg3 Na7 18. h3 Rxc1 19. Rxc1 Rc8 20. Rxc8 Nxc8 21. Qc1
Nd6 22. Bxd6 Kxd6 23. Nd2 e5 24. Nb3 e4 25. Be2 f5 26. Qc8 Qc7 27. Qxc7+ Kxc7
28. Nc5 Kb6 29. Kf1 Bf8 30. Nd7+ 1-0

[Event "WA Open Blitz Championship"]
[Site "Chess.com"]
[Date "2020.05.25"]
[Round "?"]
[White "Rodriguez, Odysseus"]
[Black "Velea, Stephanie"]
[Result "0-1"]
[WhiteElo "1499"]
[BlackElo "1700"]
[PlyCount "26"]
[EventDate "2020.??.??"]
[EventType "blitz"]

1. d4 d5 2. Nf3 Nf6 3. e3 Bf5 4. Be2 e6 5. O-O Be7 6. Nh4 Bg6 7. Nxg6 hxg6 8.
b3 c6 9. Bb2 Nbd7 10. c4 Qc7 11. Nc3 O-O-O 12. cxd5 exd5 13. a4 Qxh2# 0-1

[Event "WA Open Blitz Championship"]
[Site "Chess.com"]
[Date "2020.05.25"]
[Round "?"]
[White "Seshadri, Sridhar"]
[Black "Rodriguez, Odysseus"]
[Result "1-0"]
[WhiteElo "1626"]
[BlackElo "1499"]
[PlyCount "85"]
[EventDate "2020.??.??"]
[EventType "blitz"]

1. c4 g6 2. Nc3 Bg7 3. e3 d6 4. d4 c5 5. h3 cxd4 6. exd4 a6 7. Nf3 Nf6 8. Bd3
Nc6 9. O-O Nb4 10. Bb1 b5 11. a3 Nc6 12. d5 Na5 13. cxb5 axb5 14. Nxb5 Ba6 15.
a4 O-O 16. Bg5 Nb7 17. Bd3 Nd7 18. Rb1 h6 19. Be3 Ndc5 20. Bc4 Na5 21. Ba2 Bxb5
22. axb5 Nab7 23. Bc4 Qd7 24. Qd2 Ne4 25. Qc1 Kh7 26. Bd3 Rfc8 27. Qe1 Nf6 28.
h4 h5 29. Ng5+ Kg8 30. Ra1 Rxa1 31. Qxa1 Nxd5 32. Qa2 Nd8 33. Bc4 Nxe3 34. fxe3
Rc5 35. Bxf7+ Kh8 36. Be6 Nxe6 37. Nxe6 Rf5 38. Rxf5 gxf5 39. Qd5 Be5 40. Qa8+
Kh7 41. Ng5+ Kg6 42. Qg8+ Kf6 43. Nh7# 1-0

[Event "WA Open Blitz Championship"]
[Site "Chess.com"]
[Date "2020.05.25"]
[Round "?"]
[White "Jones, Davey"]
[Black "Rodriguez, Odysseus"]
[Result "1-0"]
[WhiteElo "1819"]
[BlackElo "1499"]
[PlyCount "89"]
[EventDate "2020.??.??"]
[EventType "blitz"]

1. e4 c5 2. c3 d6 3. d4 cxd4 4. cxd4 g6 5. Nc3 Bg7 6. Nf3 Nf6 7. Be2 O-O 8. O-O
a6 9. Be3 b5 10. a3 Bb7 11. Nd2 d5 12. e5 Ne4 13. Rc1 Nc6 14. Ncxe4 dxe4 15.
Nxe4 Na5 16. Nc5 Bd5 17. Bf3 Nc4 18. Bxd5 Qxd5 19. Qe2 Ra7 20. a4 Rb8 21. b3
Nxe3 22. fxe3 bxa4 23. bxa4 f5 24. exf6 Bxf6 25. Qc4 Qf7 26. e4 Kg7 27. Qxf7+
Kxf7 28. e5 Rb4 29. exf6 exf6 30. Rcd1 Rd7 31. Nxd7 Rxa4 32. Nxf6 Kg7 33. Nd7
Ra2 34. Rde1 a5 35. Re7+ Kh6 36. Nf6 Kg5 37. Nxh7+ Kh6 38. Nf6 Rd2 39. d5 g5
40. Re6 Kg7 41. d6 a4 42. d7 Rxd7 43. Nxd7 a3 44. Ra6 a2 45. Rxa2 1-0

[Event "WA Open Blitz Championship"]
[Site "Chess.com"]
[Date "2020.05.25"]
[Round "?"]
[White "Chung, Ethan"]
[Black "Breckenridge, Steven"]
[Result "0-1"]
[WhiteElo "1373"]
[BlackElo "2306"]
[PlyCount "72"]
[EventDate "2020.??.??"]
[EventType "blitz"]

1. d4 Nf6 2. c4 g6 3. Nc3 Bg7 4. Bg5 O-O 5. Nf3 d6 6. e3 Bf5 7. Bd3 Bxd3 8.
Qxd3 Nbd7 9. O-O c5 10. d5 h6 11. Bh4 Qb6 12. b3 Rfe8 13. Na4 Qc7 14. Bg3 Nh5
15. Nc3 a6 16. Ne2 Bxa1 17. Rxa1 Qa5 18. Nf4 Ng7 19. Nxg6 fxg6 20. Qxg6 Qc3 21.
Rf1 Qf6 22. Qxf6 Nxf6 23. Re1 b5 24. e4 bxc4 25. bxc4 Rab8 26. e5 dxe5 27. Bxe5
Rb4 28. Bxf6 exf6 29. Rc1 Reb8 30. Nd2 Rb2 31. Nf1 Rb1 32. Rc2 Nf5 33. Rd2 Nd4
34. d6 Rxf1+ 35. Kxf1 Rb1+ 36. Rd1 Rxd1# 0-1

[Event "WA Open Blitz Championship"]
[Site "Chess.com"]
[Date "2020.05.25"]
[Round "?"]
[White "Chung, Ethan"]
[Black "Bell, Harry"]
[Result "0-1"]
[WhiteElo "1373"]
[BlackElo "2000"]
[PlyCount "127"]
[EventDate "2020.??.??"]
[EventType "blitz"]

1. e4 e5 2. Nf3 Nf6 3. Nxe5 d6 4. Nf3 Nxe4 5. d3 Nf6 6. Nc3 d5 7. Bg5 c6 8. d4
Bf5 9. Be2 Bd6 10. O-O O-O 11. Re1 Nbd7 12. Bd3 Bg4 13. h3 Bh5 14. Be2 Qc7 15.
Bxf6 Nxf6 16. Ne5 Bxe2 17. Rxe2 Rfe8 18. Qe1 Re7 19. Rd1 Rae8 20. f4 Nd7 21.
Nxd7 Rxe2 22. Nxe2 Qxd7 23. Qf2 Qf5 24. Rd3 h5 25. Rf3 Qxc2 26. Nc3 Qxf2+ 27.
Rxf2 Re1+ 28. Kh2 g6 29. Kg3 Re3+ 30. Rf3 Rxf3+ 31. Kxf3 h4 32. Nb1 Kg7 33. Nd2
Kf6 34. Nb3 b6 35. Nc1 Kf5 36. Nd3 f6 37. Ne1 Bxf4 38. Nd3 Bd6 39. Nf2 Kg5 40.
Ng4 f5 41. Ne5 Bxe5 42. dxe5 c5 43. e6 Kf6 44. e7 Kxe7 45. Kf4 Kf6 46. g4 g5+
47. Kf3 f4 48. b3 Ke5 49. a4 Kd4 50. Ke2 Kc3 51. Kf3 Kxb3 52. Ke2 Kxa4 53. Kd3
Kb3 54. Kd2 Kc4 55. Kc2 Kd4 56. Kd1 Ke3 57. Ke1 Kf3 58. Kf1 Kg3 59. Ke2 Kxh3
60. Kf3 Kh2 61. Kf2 Kh3 62. Kf3 a6 63. Kf2 Kxg4 64. Kg2 0-1

[Event "WA Open Blitz Championship"]
[Site "Chess.com"]
[Date "2020.05.25"]
[Round "?"]
[White "Chung, Ethan"]
[Black "Semenov, Fedya"]
[Result "0-1"]
[WhiteElo "1373"]
[BlackElo "1803"]
[PlyCount "60"]
[EventDate "2020.??.??"]
[EventType "blitz"]

1. d4 Nf6 2. c4 e6 3. Nc3 Bb4 4. Bg5 h6 5. Bh4 d5 6. Nf3 O-O 7. e3 Be7 8. Bd3
dxc4 9. Bxc4 Nbd7 10. O-O a6 11. e4 b5 12. Bb3 Bb7 13. e5 Nd5 14. Bxe7 Qxe7 15.
Nxd5 Bxd5 16. Bxd5 exd5 17. Qb3 c6 18. Rac1 Rac8 19. Rc2 Qe6 20. Rfc1 f6 21.
Ne1 fxe5 22. dxe5 Nxe5 23. Nd3 Nxd3 24. Qxd3 Rf7 25. Rc5 Qf6 26. Qc2 Re7 27.
Rc3 Rce8 28. Qd2 Re2 29. Qd1 Qxf2+ 30. Kh1 Qxg2# 0-1

[Event "WA Open Blitz Championship"]
[Site "Chess.com"]
[Date "2020.05.25"]
[Round "?"]
[White "Chung, Ethan"]
[Black "Seshadri, Sridhar"]
[Result "0-1"]
[WhiteElo "1373"]
[BlackElo "1626"]
[PlyCount "84"]
[EventDate "2020.??.??"]
[EventType "blitz"]

1. d4 d5 2. c4 c6 3. Nc3 Nf6 4. Bg5 Bf5 5. e3 h6 6. Bh4 g5 7. Bg3 Bg6 8. cxd5
cxd5 9. Nb5 Qa5+ 10. Nc3 Ne4 11. Rc1 Bg7 12. Bd3 Nxc3 13. Rxc3 Bxd3 14. Qxd3
O-O 15. Nf3 Nc6 16. O-O Qxa2 17. h3 Qa5 18. Rc5 Qd8 19. Qb3 e6 20. Qxb7 Ne7 21.
Qa6 Nf5 22. Bc7 Qe7 23. Rfc1 Rfc8 24. Bh2 Rxc5 25. dxc5 h5 26. c6 g4 27. hxg4
hxg4 28. Ne5 g3 29. c7 gxh2+ 30. Kxh2 Qh4+ 31. Kg1 Bxe5 32. c8=Q+ Kg7 33. Qxa8
Qh2+ 34. Kf1 Qh1+ 35. Ke2 Qxc1 36. Qa5 Qxb2+ 37. Qd2 Qb5+ 38. Qd3 Qb2+ 39. Kf3
Nh4+ 40. Kg4 Qb4+ 41. Kh3 Nf5 42. Qxa7 Qh4# 0-1

[Event "WA Open Blitz Championship"]
[Site "Chess.com"]
[Date "2020.05.25"]
[Round "?"]
[White "Chung, Ethan"]
[Black "Stein, Daniel"]
[Result "1/2-1/2"]
[WhiteElo "1373"]
[BlackElo "1555"]
[PlyCount "184"]
[EventDate "2020.??.??"]
[EventType "blitz"]

1. d4 Nf6 2. c4 e5 3. dxe5 Ng4 4. Nf3 Bc5 5. e3 Nc6 6. Nc3 O-O 7. Bd2 Ngxe5 8.
Be2 Nxf3+ 9. Bxf3 Ne5 10. Be2 a5 11. e4 Re8 12. O-O d6 13. Bf4 Be6 14. Bxe5
dxe5 15. Qxd8 Raxd8 16. Nd5 c6 17. Nc7 Re7 18. Nxe6 Rxe6 19. Rad1 Rd4 20. Rxd4
Bxd4 21. Rd1 g6 22. b3 Kg7 23. Bf3 Re8 24. Kf1 Ra8 25. Rd3 a4 26. Bd1 axb3 27.
Bxb3 Kh6 28. Ke2 Kg5 29. g3 Kg4 30. Kf1 Rc8 31. Kg2 Kg5 32. f4+ exf4 33. Rxd4
fxg3 34. hxg3 Rc7 35. c5 Re7 36. Kf3 f5 37. exf5 Kxf5 38. Rf4+ Kg5 39. Rf7 Re5
40. Rxb7 h5 41. Rb6 Rxc5 42. Rb4 Rc3+ 43. Kg2 Rd3 44. Rf4 Rd2+ 45. Rf2 Rd4 46.
Rc2 Rd6 47. a4 Kh6 48. a5 Rd3 49. Bc4 Ra3 50. a6 c5 51. Kf2 Kg5 52. Be2 Ra5 53.
a7 Rxa7 54. Rxc5+ Kh6 55. Rc6 Ra2 56. Kf1 Ra3 57. g4 Ra1+ 58. Kf2 h4 59. Kg2
Ra2 60. Re6 Kg5 61. Kh3 Ra3+ 62. Kg2 Rg3+ 63. Kf2 Ra3 64. Re5+ Kf4 65. Re6 g5
66. Rh6 Rh3 67. Bf1 Rf3+ 68. Kg2 Rg3+ 69. Kf2 Rxg4 70. Bg2 Rg3 71. Rf6+ Ke5 72.
Rf7 Ra3 73. Rg7 Kf6 74. Rh7 Kg6 75. Rh8 Kg7 76. Rh5 Ra5 77. Bf3 Kg6 78. Rh8
Ra2+ 79. Kg1 Kf5 80. Rf8+ Ke5 81. Rc8 Kf4 82. Rc3 Ra1+ 83. Kf2 Ra2+ 84. Be2 g4
85. Rc4+ Kf5 86. Rxg4 Rxe2+ 87. Kxe2 Kxg4 88. Kf1 Kg3 89. Kg1 Kh3 90. Kh1 Kg3
91. Kg1 h3 92. Kh1 h2 1/2-1/2

[Event "WA Open Blitz Championship"]
[Site "Chess.com"]
[Date "2020.05.25"]
[Round "?"]
[White "Velea, Stephanie"]
[Black "Chung, Ethan"]
[Result "1-0"]
[WhiteElo "1700"]
[BlackElo "1373"]
[PlyCount "89"]
[EventDate "2020.??.??"]
[EventType "blitz"]

1. e4 e6 2. d4 d5 3. Nc3 Bb4 4. e5 c5 5. a3 cxd4 6. Qxd4 Nc6 7. Qg4 Bxc3+ 8.
bxc3 Qa5 9. Bd2 Nxe5 10. Qxg7 Ng6 11. h4 N8e7 12. h5 Rg8 13. Qxh7 Nf8 14. Qd3
Bd7 15. h6 Nfg6 16. h7 Rh8 17. c4 dxc4 18. Bxa5 cxd3 19. Bc3 e5 20. Bxd3 Bf5
21. Bxf5 Nxf5 22. Nf3 O-O-O 23. Kf1 Rde8 24. Re1 f6 25. g4 Ng7 26. Rh6 Nf8 27.
g5 Nf5 28. Rh1 Nd7 29. g6 e4 30. Nh4 Ng7 31. Ng2 Ne5 32. Nf4 Nd7 33. Nh5 Nxh5
34. Rxh5 Re7 35. Ke2 Rg7 36. Rg1 Kd8 37. Ke3 Ke7 38. Kxe4 Nf8 39. Kf5 Nd7 40.
Re1+ Kf8 41. Bxf6 Nxf6 42. Kxf6 Rc7 43. Re6 Rd7 44. Rhe5 Rd8 45. g7# 1-0